[Event "Mendoza Bermejo Memorial"]
[White "Acosta, Pablo Ismael"]
[Black "Marson, Juan Miguel"]
[Site "Mendoza"]
[Round "3"]
[Result "1-0"]
[Date "2023.05.19"]
[WhiteElo "2491"]
[BlackElo "2094"]
[PlyCount "117"]
[EventDate "2023.05.18"]
[EventType "swiss"]
[EventRounds "7"]
[EventCountry "ARG"]
[SourceTitle "CBM 214 Extra"]
[Source "ChessBase"]
[SourceDate "2023.07.31"]
[SourceVersion "1"]
[SourceVersionDate "2023.07.31"]
[SourceQuality "1"]

1. Nf3 d5 2. c4 e6 3. g3 Nf6 4. Bg2 dxc4 5. Qa4+ Bd7 6. Qxc4 c5 7. Ne5 Qc7 8. Nxd7 Qxd7 9. 0-0 Nc6 10. d3 Nd4 11. Re1 Nd5 12. Bd2 Be7 13. Na3 Rb8 14. Rad1 0-0 15. Qc1 b5 16. Nc2 Rfc8 17. Qb1 Bf6 18. Ne3 Nxe3 19. Bxe3 Rd8 20. Bf4 Rbc8 21. Kf1 Nc6 22. Rc1 Nb4 23. Be3 Bd4 24. Bg5 Bf6 25. Bxf6 gxf6 26. a3 Nd5 27. Red1 Nb6 28. Qc2 Qd4 29. e3 Qe5 30. Qe2 Na4 31. Rc2 f5 32. f4 Qf6 33. Rdc1 c4 34. d4 Nb6 35. Bb7 Rb8 36. Ba6 Nd5 37. a4 e5 38. Bxb5 exd4 39. exd4 Qxd4 40. Re1 c3 41. bxc3 Nxc3 42. Qe7 Nxb5 43. axb5 Qd3+ 44. Rce2 Re8 45. Qg5+ Kh8 46. Kf2 Rxe2+ 47. Rxe2 Qxb5 48. Qe7 Qb6+ 49. Kf1 Qb1+ 50. Re1 Qd3+ 51. Kg2 Qd5+ 52. Kh3 Rd8 53. Qf6+ Kg8 54. Re5 Qd7 55. Re7 Qd5 56. Kh4 a5 57. Kg5 a4 58. Ra7 Ra8 59. Kh6 1-0

[Event "ARG-ch sf 98th"]
[White "Villarreal, Agustin"]
[Black "Marson, Juan Miguel"]
[Site "Buenos Aires"]
[Round "6"]
[Result "1/2-1/2"]
[Date "2023.05.04"]
[WhiteElo "2292"]
[BlackElo "2091"]
[PlyCount "154"]
[EventDate "2023.04.29"]
[EventType "swiss"]
[EventRounds "9"]
[EventCountry "ARG"]
[SourceTitle "CBM 214 Extra"]
[Source "ChessBase"]
[SourceDate "2023.07.31"]
[SourceVersion "1"]
[SourceVersionDate "2023.07.31"]
[SourceQuality "1"]

1. d4 d5 2. Nf3 Nf6 3. c4 e6 4. Nc3 a6 5. cxd5 exd5 6. Bg5 Be6 7. Bxf6 Qxf6 8. Qb3 Ra7 9. Rc1 Qd8 10. e3 Bd6 11. Bd3 0-0 12. 0-0 Nc6 13. a3 g6 14. Na4 Na5 15. Qc3 b6 16. b4 Nc4 17. Rfe1 Qd7 18. Bxc4 Qxa4 19. Bd3 a5 20. Ra1 Qd7 21. b5 Bf5 22. Bf1 a4 23. Ne5 Bxe5 24. dxe5 Qe6 25. f3 Qe7 26. Red1 Be6 27. Rac1 Rd8 28. Rd4 Bf5 29. Rd2 Be6 30. Be2 Re8 31. f4 Rd8 32. Bf3 Ra5 33. Rb2 Rd7 34. Rb4 Qd8 35. Rd1 Qe7 36. Rc1 Qd8 37. Qd4 Qe7 38. Be2 Rd8 39. Rxa4 Rda8 40. Rxa5 Rxa5 41. a4 Ra7 42. Bd1 Qh4 43. Bb3 Qe7 44. Ra1 Qd7 45. Qd2 c5 46. bxc6 Qxc6 47. h3 Ra5 48. Rd1 Qc5 49. Kh2 Qa3 50. Qa2 Rxa4 51. Qxa3 Rxa3 52. Bxd5 Bxd5 53. Rxd5 Rxe3 54. Rb5 Kg7 55. Rxb6 g5 56. g3 Re2+ 57. Kg1 gxf4 58. gxf4 h5 59. Rf6 h4 60. Rf5 Kg6 61. Rg5+ Kh6 62. Rg4 Ra2 63. Kf1 Rb2 64. Ke1 Ra2 65. f5 Ra5 66. Re4 Kg5 67. e6 fxe6 68. fxe6 Ra8 69. e7 Re8 70. Kf2 Kf6 71. Rxh4 Rxe7 72. Rg4 Kf5 73. Kg3 Kf6 74. Ra4 Kg7 75. h4 Kh7 76. Ra5 Rb7 77. Kg4 Rc7 1/2-1/2

[Event "ARG-ch sf 97th"]
[White "Marson, Juan Miguel"]
[Black "Meza Astrada, Agustin"]
[Site "Buenos Aires"]
[Round "8"]
[Result "0-1"]
[Date "2022.09.14"]
[WhiteElo "2111"]
[BlackElo "1669"]
[PlyCount "140"]
[EventDate "2022.09.08"]
[EventType "swiss"]
[EventRounds "9"]
[EventCountry "ARG"]
[SourceTitle "CBM 210 Extra"]
[Source "ChessBase"]
[SourceDate "2022.11.30"]
[SourceVersion "1"]
[SourceVersionDate "2022.11.30"]
[SourceQuality "1"]

1. e4 e5 2. Nf3 Nc6 3. Bb5 a6 4. Ba4 Nf6 5. d4 exd4 6. 0-0 Be7 7. Re1 0-0 8. e5 Ne8 9. Nxd4 Nxd4 10. Qxd4 d6 11. exd6 Bxd6 12. c3 Bf5 13. Bf4 Bxf4 14. Qxf4 Nd6 15. Nd2 g6 16. Nf3 Kg7 17. c4 b5 18. Bb3 Qf6 19. c5 Nc4 20. Bxc4 bxc4 21. Ne5 Be6 22. Qxf6+ Kxf6 23. Rac1 Rab8 24. Nxc4 Bxc4 25. Rxc4 Rxb2 26. Ra4 Ra8 27. h4 c6 28. Rf4+ Kg7 29. Re7 Rf8 30. Ra4 Rb5 31. Rxa6 Rxc5 32. Rc7 Re8 33. Raxc6 Rxc6 34. Rxc6 Re1+ 35. Kh2 Re2 36. a4 Rxf2 37. a5 Ra2 38. a6 h5 39. Kg3 Ra4 40. Rb6 Rg4+ 41. Kh3 Ra4 42. Rd6 Kg8 43. Rd8+ Kg7 44. Ra8 Ra3+ 45. Kh2 Ra4 46. g3 Ra2+ 47. Kg1 Kf6 48. Ra7 Ke6 49. Kf1 f6 50. Rg7 Kf5 51. a7 g5 52. hxg5 fxg5 53. Kg1 Kg4 54. Kf1 Kf3 55. Ke1 g4 56. Rh7 Kxg3 57. Rxh5 Rxa7 58. Rh8 Rf7 59. Rg8 Rf4 60. Ke2 Kg2 61. Ke3 Ra4 62. Rb8 Ra3+ 63. Kf4 g3 64. Rb2+ Kh1 65. Rb8 g2 66. Rh8+ Kg1 67. Ke4 Kf2 68. Rf8+ Kg3 69. Rg8+ Kh2 70. Rh8+ Rh3 0-1

[Event "ARG-ch sf 97th"]
[White "Marson, Juan Miguel"]
[Black "Amato, Leonel"]
[Site "Buenos Aires"]
[Round "5"]
[Result "1/2-1/2"]
[Date "2022.09.11"]
[WhiteElo "2111"]
[BlackElo "2080"]
[PlyCount "75"]
[EventDate "2022.09.08"]
[EventType "swiss"]
[EventRounds "9"]
[EventCountry "ARG"]
[SourceTitle "CBM 210 Extra"]
[Source "ChessBase"]
[SourceDate "2022.11.30"]
[SourceVersion "1"]
[SourceVersionDate "2022.11.30"]
[SourceQuality "1"]

1. e4 e5 2. Nf3 Nf6 3. Nxe5 Nxe4 4. Qe2 Qe7 5. Qxe4 d6 6. d4 dxe5 7. Qxe5 Qxe5+ 8. dxe5 Nc6 9. Bb5 Bd7 10. Bxc6 Bxc6 11. 0-0 0-0-0 12. Be3 Be4 13. c3 Rd5 14. f4 Rd3 15. Bd4 Be7 16. Na3 Rd8 17. Rfe1 Bd5 18. Kf2 c5 19. Be3 b6 20. c4 Be6 21. Rac1 f6 22. Nb5 fxe5 23. fxe5 Rf8+ 24. Ke2 Rd7 25. h3 Rf5 26. Nd6+ Bxd6 27. exd6 Rxd6 28. Rf1 Re5 29. Rc3 Bf5 30. b3 Bg6 31. Kf2 Bd3 32. Rd1 Rf6+ 33. Kg1 Be2 34. Re1 Bh5 35. Bf2 Rxe1+ 36. Bxe1 Re6 37. Kf1 Bg6 38. Rg3 1/2-1/2

[Event "ARG-ch 96th"]
[White "Aguilar, Andres"]
[Black "Marson, Juan Miguel"]
[Site "Buenos Aires"]
[Round "10"]
[Result "0-1"]
[Date "2022.06.11"]
[WhiteElo "2260"]
[BlackElo "2083"]
[PlyCount "64"]
[EventDate "2022.06.02"]
[EventType "swiss"]
[EventRounds "11"]
[EventCountry "ARG"]
[SourceTitle "EXT 2023"]
[Source "ChessBase"]
[SourceDate "2022.10.05"]
[SourceVersion "1"]
[SourceVersionDate "2022.10.05"]
[SourceQuality "1"]

1. d4 Nf6 2. c4 e6 3. Nc3 Bb4 4. f3 c5 5. d5 d6 6. e4 b5 7. Bd2 bxc4 8. Bxc4 0-0 9. Nge2 Ba6 10. Bxa6 Nxa6 11. dxe6 fxe6 12. Nf4 Re8 13. a3 Ba5 14. 0-0 Rb8 15. Rb1 c4 16. Qa4 d5 17. exd5 exd5 18. Rfe1 Rxe1+ 19. Rxe1 Bb6+ 20. Kh1 Nc5 21. Qc2 Kh8 22. Na4 Qd7 23. Nxb6 axb6 24. Bb4 Re8 25. Rxe8+ Qxe8 26. Qd2 Nb3 27. Qc3 b5 28. h4 d4 29. Qc2 Qe5 30. Bd2 d3 31. Nxd3 Qe2 32. Ne5 Nxd2 0-1

[Event "ARG-ch 96th"]
[White "Toniutti, Ezio"]
[Black "Marson, Juan Miguel"]
[Site "Buenos Aires"]
[Round "6"]
[Result "1-0"]
[Date "2022.06.07"]
[WhiteElo "2281"]
[BlackElo "2083"]
[PlyCount "115"]
[EventDate "2022.06.02"]
[EventType "swiss"]
[EventRounds "11"]
[EventCountry "ARG"]
[SourceTitle "CBM 208 Extra"]
[Source "ChessBase"]
[SourceDate "2022.07.31"]
[SourceVersion "1"]
[SourceVersionDate "2022.07.31"]
[SourceQuality "1"]

1. d4 Nf6 2. c4 e6 3. g3 d5 4. Nf3 Be7 5. Bg2 0-0 6. 0-0 dxc4 7. Na3 Bxa3 8. bxa3 Nc6 9. a4 Qe7 10. Bb2 Rb8 11. Qc1 Rd8 12. Qxc4 Qb4 13. Qc2 Bd7 14. Rab1 Ne7 15. d5 Bxa4 16. Qc1 Qe4 17. Nd4 Qg4 18. h3 Qh5 19. dxe6 fxe6 20. Nxe6 Rd7 21. Nc5 Bc6 22. Nxd7 Nxd7 23. Qc3 Qg6 24. Rfd1 Nf6 25. Ba3 Ned5 26. Qxc6 bxc6 27. Rxb8+ Kf7 28. e4 Ne7 29. Rb7 Qh5 30. g4 Qa5 31. Bb4 Qa4 32. Rd2 c5 33. e5 cxb4 34. exf6 Kxf6 35. Rxc7 b3 36. axb3 Qa1+ 37. Bf1 Ng6 38. Rc6+ Ke5 39. Ra6 Qc1 40. Re2+ Kd5 41. Rxa7 Qb1 42. Re3 h5 43. gxh5 Nf8 44. Rxg7 Qf5 45. Rg4 Kc5 46. b4+ Kb6 47. h6 Qh5 48. b5 Qxh6 49. Rc3 Qh8 50. Rc6+ Kb7 51. Bg2 Kb8 52. Rb6+ Kc7 53. Rc6+ Kb8 54. Rgc4 Qa1+ 55. Rc1 Qb2 56. Rb6+ Ka7 57. Rb7+ Ka8 58. Rc8# 1-0

[Event "Titled Tuesday intern op 15 Mar Late"]
[White "Kohler, Aran"]
[Black "Marson, Juan Miguel"]
[Site "Chess.com INT"]
[Round "6"]
[Result "0-1"]
[Date "2022.03.15"]
[WhiteElo "2121"]
[BlackElo "2092"]
[PlyCount "56"]
[EventDate "2022.03.15"]
[EventType "swiss (blitz)"]
[EventRounds "11"]
[EventCountry "USA"]
[SourceTitle "CBM 207 Extra"]
[Source "ChessBase"]
[SourceDate "2022.05.31"]
[SourceVersion "1"]
[SourceVersionDate "2022.05.31"]
[SourceQuality "1"]

1. d4 Nf6 2. Nf3 g6 3. Bg5 Bg7 4. Nbd2 d5 5. e3 c5 6. c3 Nc6 7. Bd3 0-0 8. a4 b6 9. h4 h6 10. h5 hxg5 11. hxg6 fxg6 12. Bxg6 Bg4 13. Qc2 Re8 14. Nxg5 e5 15. dxc5 e4 16. Bxe8 Qxe8 17. cxb6 Ne5 18. b7 Rb8 19. Nh3 Nd3+ 20. Kf1 Bxh3 21. Rxh3 Ng4 22. Qb3 Qf7 23. f3 Nxe3+ 24. Kg1 Rxb7 25. Qa3 Rxb2 26. Nxe4 Rxg2+ 27. Kh1 dxe4 28. Rb1 Nf2# 0-1

[Event "Titled Tuesday intern op 15 Mar Early"]
[White "Marson, Juan Miguel"]
[Black "Milosevic, Milos"]
[Site "Chess.com INT"]
[Round "8"]
[Result "0-1"]
[Date "2022.03.15"]
[WhiteElo "2092"]
[BlackElo "2268"]
[PlyCount "107"]
[EventDate "2022.03.15"]
[EventType "swiss (blitz)"]
[EventRounds "11"]
[EventCountry "USA"]
[SourceTitle "CBM 207 Extra"]
[Source "ChessBase"]
[SourceDate "2022.05.31"]
[SourceVersion "1"]
[SourceVersionDate "2022.05.31"]
[SourceQuality "1"]

1. e4 c5 2. c3 d5 3. exd5 Qxd5 4. d4 Nf6 5. Nf3 Bg4 6. Qa4+ Nc6 7. Bc4 Qd7 8. dxc5 Bxf3 9. gxf3 Nd5 10. Nd2 e6 11. Nb3 Be7 12. Bd2 0-0 13. 0-0-0 Rad8 14. Rhg1 Bf6 15. Kb1 Qc7 16. Bd3 g6 17. h4 h5 18. Bxg6 fxg6 19. Rxg6+ Kf7 20. Rdg1 Rg8 21. Qe4 Qe5 22. Rxg8 Rxg8 23. Qh7+ Rg7 24. Rxg7+ Bxg7 25. Kc1 Qf5 26. Qxf5+ exf5 27. Bg5 Nc7 28. f4 Ne6 29. Kd2 Bf8 30. Kd3 Nxc5+ 31. Kc4 Nxb3 32. axb3 Na5+ 33. Kd5 Nxb3 34. Ke5 Be7 35. Kxf5 Nc1 36. c4 Nd3 37. b3 Nxf2 38. Bxe7 Kxe7 39. Kg5 Nd3 40. f5 Kf7 41. Kxh5 Kf6 42. Kg4 a5 43. h5 Nc5 44. h6 Nxb3 45. Kf4 a4 46. h7 Kg7 47. Ke5 Nc5 48. Kd5 Kxh7 49. Kxc5 a3 50. Kd6 a2 51. f6 a1Q 52. f7 Qg7 53. Ke7 Kg6 54. Kd7 0-1

[Event "Titled Tuesday intern op 15 Mar Early"]
[White "Prohorov, Olexandr"]
[Black "Marson, Juan Miguel"]
[Site "Chess.com INT"]
[Round "7"]
[Result "1/2-1/2"]
[Date "2022.03.15"]
[WhiteElo "2086"]
[BlackElo "2092"]
[PlyCount "126"]
[EventDate "2022.03.15"]
[EventType "swiss (blitz)"]
[EventRounds "11"]
[EventCountry "USA"]
[SourceTitle "CBM 207 Extra"]
[Source "ChessBase"]
[SourceDate "2022.05.31"]
[SourceVersion "1"]
[SourceVersionDate "2022.05.31"]
[SourceQuality "1"]

1. Nf3 Nf6 2. c4 g6 3. Nc3 Bg7 4. e4 d6 5. d4 0-0 6. Be2 e5 7. 0-0 Nc6 8. d5 Ne7 9. b4 a5 10. Ba3 axb4 11. Bxb4 b6 12. a4 Ne8 13. a5 c5 14. dxc6 Nxc6 15. Qb3 Nxb4 16. Qxb4 bxa5 17. Qa3 Qe7 18. Nd5 Qa7 19. Rfb1 f5 20. Nb6 Rb8 21. Nxc8 Rxc8 22. Qxa5 Qxa5 23. Rxa5 fxe4 24. Ng5 Nf6 25. Ra7 Rb8 26. Rxb8 Rxb8 27. h4 e3 28. fxe3 Bh6 29. Bf3 Rc8 30. Kf2 e4 31. Bd1 Bxg5 32. hxg5 Nh5 33. Bg4 Rf8+ 34. Ke1 Ng7 35. Rd7 Nf5 36. Kd2 Ra8 37. Bxf5 gxf5 38. Rxd6 Ra2+ 39. Kc3 Rxg2 40. c5 Rxg5 41. c6 f4 42. exf4 Rc5+ 43. Kd4 Rc1 44. Kxe4 Kf7 45. Rd7+ Ke6 46. Rxh7 Rc4+ 47. Ke3 Kf5 48. Rh5+ Kf6 49. Rh6+ Kf5 50. Rd6 Rc1 51. Kd4 Kxf4 52. Kd5 Kf5 53. Rh6 Rd1+ 54. Kc5 Ke5 55. Rh5+ Ke6 56. Rh6+ Ke7 57. Rh2 Kd8 58. Re2 Kc8 59. Rf2 Rc1+ 60. Kd6 Rd1+ 61. Kc5 Rc1+ 62. Kb6 Rb1+ 63. Kc5 Rc1+ 1/2-1/2

[Event "Titled Tuesday intern op 15 Mar Late"]
[White "Torres Hernandez, Leslie Carolin"]
[Black "Marson, Juan Miguel"]
[Site "Chess.com INT"]
[Round "2"]
[Result "1-0"]
[Date "2022.03.15"]
[WhiteElo "1884"]
[BlackElo "2092"]
[PlyCount "163"]
[EventDate "2022.03.15"]
[EventType "swiss (blitz)"]
[EventRounds "11"]
[EventCountry "USA"]
[SourceTitle "CBM 207 Extra"]
[Source "ChessBase"]
[SourceDate "2022.05.31"]
[SourceVersion "1"]
[SourceVersionDate "2022.05.31"]
[SourceQuality "1"]

1. e4 e5 2. Nf3 Nc6 3. Bc4 Nf6 4. Qe2 h6 5. c3 d6 6. h3 g5 7. g4 Qe7 8. d3 Na5 9. Bb5+ c6 10. Ba4 b5 11. Bc2 Bg7 12. b4 Nb7 13. a4 Bd7 14. Rg1 Nd8 15. axb5 cxb5 16. Be3 a6 17. Nbd2 Ne6 18. c4 Nf4 19. Bxf4 exf4 20. d4 bxc4 21. Nxc4 Bb5 22. Bd3 0-0 23. e5 dxe5 24. dxe5 Bxc4 25. Bxc4 Qxb4+ 26. Kf1 Nd7 27. Qe4 Kh8 28. Kg2 Nc5 29. Qe2 Rae8 30. Rgb1 Qc3 31. Bxa6 Bxe5 32. Rc1 Qxa1 33. Rxa1 Bxa1 34. Qa2 Nxa6 35. Qxa1+ Kg8 36. Qxa6 Re6 37. Qc4 Kg7 38. h4 f6 39. hxg5 Re7 40. gxf6+ Kxf6 41. Qxf4+ Kg7 42. Qd4+ Kh7 43. Nh4 Rg7 44. f3 Rff7 45. Nf5 Rxf5 46. Qe4 Rgg5 47. Qe7+ Kg8 48. Qe6+ Rf7 49. Qxh6 Rgg7 50. Kg3 Rh7 51. Qg6+ Rhg7 52. Qb6 Rd7 53. Qe6+ Kf8 54. Qf6+ Rgf7 55. Qg6 Rc7 56. f4 Rc3+ 57. Kh4 Rc1 58. Qd6+ Kg8 59. Qd8+ Kg7 60. Kg5 Rc5+ 61. f5 Rcc7 62. Qd4+ Kg8 63. f6 Rcd7 64. Qe4 Rb7 65. Kg6 Rg7+ 66. fxg7 Rb6+ 67. Kg5 Rb5+ 68. Kh4 Rb8 69. Qe6+ Kh7 70. Qf5+ Kg8 71. Qe5 Re8 72. Qxe8+ Kh7 73. Qh5+ Kg8 74. Qh8+ Kf7 75. g8Q+ Ke7 76. Qhh7+ Kd6 77. Qgg6+ Kc5 78. Qhf7 Kb4 79. Qge6 Kc3 80. Qfd7 Kb4 81. Qec6 Ka5 82. Qb5# 1-0

[Event "Titled Tuesday intern op 20th Apr"]
[White "Estrada Nieto, Julian"]
[Black "Marson, Juan Miguel"]
[Site "Chess.com INT"]
[Round "7"]
[Result "0-1"]
[Date "2021.04.20"]
[WhiteElo "2280"]
[BlackElo "2104"]
[PlyCount "84"]
[EventDate "2021.04.20"]
[EventType "swiss (blitz)"]
[EventRounds "11"]
[EventCountry "USA"]
[SourceTitle "CBM 202 Extra"]
[Source "ChessBase"]
[SourceDate "2021.07.31"]
[SourceVersion "1"]
[SourceVersionDate "2021.07.31"]
[SourceQuality "1"]

1. e4 e5 2. Nf3 Nc6 3. Bb5 f5 4. d3 fxe4 5. dxe4 Nf6 6. 0-0 Bc5 7. Qd3 Nd4 8. Nxd4 Bxd4 9. Bc4 Qe7 10. Nc3 a6 11. Bg5 c6 12. a4 d6 13. Ne2 Bc5 14. c3 a5 15. Rab1 Be6 16. b4 axb4 17. cxb4 Bxc4 18. Qxc4 Bb6 19. a5 Bc7 20. Ng3 Qf7 21. Qd3 0-0 22. Nf5 Rad8 23. a6 bxa6 24. Qxa6 d5 25. Qxc6 dxe4 26. b5 Bb8 27. b6 Rc8 28. Qb5 Rc2 29. Ne3 Rcc8 30. Bxf6 gxf6 31. Qd5 Qxd5 32. Nxd5 Kf7 33. Rfc1 Rxc1+ 34. Rxc1 Rd8 35. Ne3 Ke6 36. Kf1 f5 37. Rc6+ Kd7 38. Rh6 f4 39. Rxh7+ Kc6 40. Nc4 f3 41. gxf3 exf3 42. Rf7 Rd1# 0-1

[Event "Titled Tuesday intern op 20th Apr"]
[White "Marson, Juan Miguel"]
[Black "Arakhamia Grant, Ketevan"]
[Site "Chess.com INT"]
[Round "9"]
[Result "0-1"]
[Date "2021.04.20"]
[WhiteElo "2104"]
[BlackElo "2380"]
[PlyCount "56"]
[EventDate "2021.04.20"]
[EventType "swiss (blitz)"]
[EventRounds "11"]
[EventCountry "USA"]
[SourceTitle "CBM 202 Extra"]
[Source "ChessBase"]
[SourceDate "2021.07.31"]
[SourceVersion "1"]
[SourceVersionDate "2021.07.31"]
[SourceQuality "1"]

1. e4 c5 2. c3 d5 3. exd5 Qxd5 4. d4 Nf6 5. Nf3 e6 6. Na3 Be7 7. Nb5 Qd8 8. Bf4 Nd5 9. Bg3 a6 10. Na3 0-0 11. Nc4 Nc6 12. Bd3 cxd4 13. cxd4 b5 14. Nce5 Nxe5 15. Nxe5 Bb7 16. 0-0 f5 17. Re1 f4 18. Bxh7+ Kxh7 19. Qh5+ Kg8 20. Ng6 Rf5 21. Qh8+ Kf7 22. Qh7 fxg3 23. fxg3 Nf6 24. Qh3 Kxg6 25. Rxe6 Qxd4+ 26. Kh1 Qc4 27. Ree1 Bb4 28. Rec1 Qe4 0-1

[Event "Titled Tuesday intern op 20th Apr"]
[White "Marson, Juan Miguel"]
[Black "Levine, Joseph1"]
[Site "Chess.com INT"]
[Round "6"]
[Result "0-1"]
[Date "2021.04.20"]
[WhiteElo "2104"]
[BlackElo "2073"]
[PlyCount "80"]
[EventDate "2021.04.20"]
[EventType "swiss (blitz)"]
[EventRounds "11"]
[EventCountry "USA"]
[SourceTitle "CBM 202 Extra"]
[Source "ChessBase"]
[SourceDate "2021.07.31"]
[SourceVersion "1"]
[SourceVersionDate "2021.07.31"]
[SourceQuality "1"]

1. e4 e6 2. d4 d5 3. Nd2 Nf6 4. e5 Nfd7 5. f4 c5 6. c3 Nc6 7. Ndf3 Qa5 8. Kf2 cxd4 9. cxd4 f6 10. g3 fxe5 11. fxe5 Be7 12. Bh3 Qb6 13. Kg2 Nf8 14. Ne2 Ng6 15. Bg5 Bxg5 16. Nxg5 0-0 17. Nxe6 Bxe6 18. Bxe6+ Kh8 19. Bxd5 Ncxe5 20. Qb3 Ng4 21. Qxb6 axb6 22. Bxb7 Ne3+ 23. Kh3 Ra5 24. g4 Rf2 25. Rac1 h6 26. Rc8+ Kh7 27. Be4 Rxe2 28. Kg3 Nf1+ 29. Kf3 Re3+ 30. Kg2 Rxe4 31. Rxf1 Rxa2 32. Rf2 Rxg4+ 33. Kh3 Rxd4 34. Rc7 Rf4 35. Rd2 Ne5 36. Re2 Rf7 37. Rc3 Rf3+ 38. Rxf3 Nxf3 39. Kg3 Nd4 40. h4 Nxe2+ 0-1

[Event "Pan American-ch Amateur U2300"]
[White "Marson, Juan Miguel"]
[Black "Chinchilla Miranda, Eugenio"]
[Site "San Jose"]
[Round "1.1"]
[Result "1-0"]
[Date "2019.10.23"]
[WhiteElo "2082"]
[BlackElo "2247"]
[PlyCount "79"]
[EventDate "2019.10.23"]
[EventType "swiss"]
[EventRounds "9"]
[EventCountry "CRI"]
[SourceTitle "EXT 2021"]
[Source "ChessBase"]
[SourceDate "2020.10.23"]
[SourceVersion "1"]
[SourceVersionDate "2020.10.23"]
[SourceQuality "1"]

1. d4 Nf6 2. c4 e6 3. Nc3 Bb4 4. e3 0-0 5. Bd3 d5 6. Nge2 dxc4 7. Bxc4 e5 8. Qb3 Bd6 9. Nb5 Nc6 10. Nxd6 Qxd6 11. dxe5 Nxe5 12. Nd4 c5 13. Nb5 Qc6 14. f3 Nxc4 15. Qxc4 Be6 16. Qe2 a6 17. Nc3 b5 18. e4 Nd7 19. Bf4 Nb6 20. Qf2 Bc4 21. Rc1 Rac8 22. b3 Bd3 23. Be3 Nd7 24. Nd5 Qd6 25. Qg3 Ne5 26. Bf4 Rce8 27. Ne3 c4 28. Nf5 Qf6 29. Bh6 Bxe4 30. fxe4 Nd3+ 31. Kd1 Rxe4 32. Bxg7 Qxf5 33. Bxf8+ Kxf8 34. Kd2 Qd5 35. Rhd1 Nxc1+ 36. Kxc1 Rd4 37. Qb8+ Kg7 38. Qg3+ Kf8 39. Qb8+ Ke7 40. Qa7+ 1-0

[Event "ARG-ch U2300"]
[White "Garnier, Rene Augusto"]
[Black "Marson, Juan Miguel"]
[Site "Tacuari"]
[Round "3"]
[Result "1-0"]
[Date "2018.11.17"]
[WhiteElo "2253"]
[BlackElo "2047"]
[PlyCount "87"]
[EventDate "2018.11.16"]
[EventType "swiss"]
[EventRounds "7"]
[EventCountry "ARG"]
[SourceTitle "EXT 2020"]
[Source "ChessBase"]
[SourceDate "2019.10.17"]
[SourceVersion "1"]
[SourceVersionDate "2019.10.17"]
[SourceQuality "1"]

1. Nf3 Nf6 2. c4 e6 3. Nc3 Bb4 4. Qc2 0-0 5. a3 Bxc3 6. Qxc3 a5 7. b3 d6 8. d4 b6 9. g3 Bb7 10. Bg2 Re8 11. 0-0 Nbd7 12. Bb2 Qe7 13. Rad1 Be4 14. Rfe1 e5 15. e3 h6 16. h3 c5 17. Nh4 g5 18. Nf3 Ra7 19. Nh2 Bxg2 20. Kxg2 Nf8 21. f3 Rb7 22. Nf1 N6d7 23. dxe5 dxe5 24. Qc2 Reb8 25. a4 Re8 26. g4 Ng6 27. Ng3 Nh4+ 28. Kf2 Nf8 29. Rd5 Nfg6 30. Red1 Rf8 31. Qe4 f6 32. Rd6 Rf7 33. Rd8+ Nf8 34. R1d6 Qc7 35. Qd5 Qe7 36. Nh5 f5 37. Nf6+ Kh8 38. Bxe5 Nhg6 39. Bc3 fxg4 40. hxg4 Ra7 41. Qf5 Nh4 42. Nd5+ Kg8 43. Nxe7+ Raxe7 44. Qd5 1-0

[Event "Villa Maria U2200"]
[White "Cabrera, Juan Miguel"]
[Black "Marson, Juan Miguel"]
[Site "Villa Maria"]
[Round "1.5"]
[Result "0-1"]
[Date "2017.10.07"]
[WhiteElo "1580"]
[BlackElo "2015"]
[PlyCount "34"]
[EventDate "2017.10.07"]
[EventType "swiss"]
[EventRounds "6"]
[EventCountry "ARG"]
[SourceTitle "EXT 2024"]
[Source "ChessBase"]
[SourceDate "2023.10.10"]
[SourceVersion "1"]
[SourceVersionDate "2023.10.10"]
[SourceQuality "1"]

1. e4 c5 2. Nc3 e6 3. Nf3 Nc6 4. Be2 d5 5. exd5 exd5 6. d4 c4 7. 0-0 Bd6 8. Re1 Nge7 9. Bg5 f6 10. Bh4 Bb4 11. Qd2 0-0 12. h3 Re8 13. a4 Nf5 14. b3 Qa5 15. Qf4 Bxc3 16. bxc4 Bxa1 17. cxd5 Nfxd4 0-1